Technological planning on the corporate level : (Record no. 15087)
[ view plain ]
| 000 -LEADER | |
|---|---|
| fixed length control field | 00937cam a22002651 4500 |
| 001 - CONTROL NUMBER | |
| control field | 15087 |
| 003 - CONTROL NUMBER IDENTIFIER | |
| rucl marc code | BD-RjUL |
| 005 - DATE AND TIME OF LATEST TRANSACTION | |
| control field | 20211208235740.0 |
| 008 - FIXED-LENGTH DATA ELEMENTS--GENERAL INFORMATION | |
| fixed length control field | 140209s1962 xx 000 0 eng |
| 035 ## - SYSTEM CONTROL NUMBER | |
| System control number | (BD-RjUL)15141 |
| System control number | (OCoLC)1077108 |
| 040 ## - CATALOGING SOURCE | |
| Original cataloging agency | DLC |
| Transcribing agency | OU |
| Modifying agency | DLC |
| Language of cataloging | eng |
| 041 ## - LANGUAGE CODE | |
| Language code of text/sound track or separate title | eng |
| 082 ## - DEWEY DECIMAL CLASSIFICATION NUMBER | |
| Classification number | 607.2 |
| Author mark and year | TEC 1962 |
| 100 1# - MAIN ENTRY--PERSONAL NAME | |
| Personal name | Bright, James Rieser, |
| 9 (RLIN) | 46962 |
| 245 10 - TITLE STATEMENT | |
| Title | Technological planning on the corporate level : |
| Remainder of title | proceedings of a conference / |
| Statement of responsibility, etc. | sponsored by the Associates if the Harvard Business School, September 8 and 9, 1961. |
| 260 ## - PUBLICATION, DISTRIBUTION, ETC. (IMPRINT) | |
| Place of publication, distribution, etc. | Boston : |
| Name of publisher, distributor, etc. | Harvard University, Graduate School of Business Administration, |
| Date of publication, distribution, etc. | 1962. |
| 300 ## - PHYSICAL DESCRIPTION | |
| Pagination | 253 p. : |
| Illustrations | diagrs., tables. ; |
| Size | 21 cm. |
| 650 #0 - SUBJECT ADDED ENTRY--TOPICAL TERM | |
| Topical term or geographic name as entry element | Technological innovations. |
| 9 (RLIN) | 46963 |
| Topical term or geographic name as entry element | Research, Industrial. |
| 9 (RLIN) | 46964 |
| 710 2# - ADDED ENTRY--CORPORATE NAME | |
| Corporate name or jurisdiction name as entry element | Associates of the Harvard Business School. |
| 9 (RLIN) | 46965 |
| 942 ## - ADDED ENTRY ELEMENTS (KOHA) | |
| Source of classification or shelving scheme | Dewey Decimal Classification |
| Koha item type | Books |
| Lost status | Source of classification or shelving scheme | Damaged status | Not for loan | Collection code | Permanent Location | Current Location | Shelving location | Date acquired | Source of acquisition | Cost, normal purchase price | Total Checkouts | Full call number | Date last seen | Copy number | Koha item type |
|---|---|---|---|---|---|---|---|---|---|---|---|---|---|---|---|
| Dewey Decimal Classification | Non-fiction | Central Library, University of Rajshahi | Central Library, University of Rajshahi | 01/04/1965 | Sweets & Zeitlinger | 32.00 | 607.2 TEC 1962 | 09/02/2014 | C-5 | Books | |||||
| Dewey Decimal Classification | Not For Loan | Non-fiction | Central Library, University of Rajshahi | Central Library, University of Rajshahi | Reading Room | 01/04/1965 | Swits & Zillinger | 32.00 | 607.2 TEC 1962 | 06/12/2016 | C-1 | Books | |||
| Dewey Decimal Classification | Non-fiction | Central Library, University of Rajshahi | Central Library, University of Rajshahi | 03/06/1964 | zeitlinger | 32.00 | 607.2 TEC 1962 | 13/04/2019 | C-2 | Books | |||||
| Dewey Decimal Classification | Non-fiction | Central Library, University of Rajshahi | Central Library, University of Rajshahi | 03/06/1964 | zeitlinger | 32.00 | 607.2 TEC 1962 | 13/04/2019 | C-3 | Books | |||||
| Dewey Decimal Classification | Non-fiction | Central Library, University of Rajshahi | Central Library, University of Rajshahi | 03/06/1964 | zeitlinger | 32.00 | 607.2 TEC 1962 | 13/04/2019 | C-4 | Books |